| 000 | 00461nam a2200181 i 4500 | ||
|---|---|---|---|
| 001 | bg | ||
| 100 | 1 | _aATTEVELL, P. B. | |
| 245 | 0 |
_aPrinciples of engineering geology / _cP.B. Attevell, I.W. Farmer. |
|
| 260 |
_aLondon : _bChapman and Hall, _c1976. |
||
| 700 | 1 | _aFARMER, Ian Wiliam | |
| 020 | _a0470036419 | ||
| 040 | _cBPK | ||
| 041 | _apol | ||
| 080 | _a624.15 | ||
| 920 | _a0-470-03641-9 | ||
| 942 | _cKS | ||
| 008 | s pl f |000 0 pol | ||
| 999 |
_c17626 _d17626 |
||
| 856 |
_uhttp://koha.tu.koszalin.pl/cgi-bin/koha/opac-detail.pl?biblionumber=17626 _yKatalog online BPK |
||